|
|
|
|
| LEADER |
00757nam a22002057a 4500 |
| 001 |
40219 |
| 003 |
BD-DhAAL |
| 008 |
221219t 2009bg ||||| |||| 00| 0 eng d |
| 999 |
|
|
|c 45222
|d 45222
|
| 040 |
|
|
|a BD-DhAAL
|c BD-DhAAL
|
| 082 |
|
|
|a 420
|2 23
|
| 100 |
|
|
|a Khan, Masud A
|9 53030
|
| 245 |
|
|
|a Learn English in quickest way /
|c Masud A Khan.
|
| 260 |
|
|
|a Dhaka :
|b DLC Publications,
|c 2009.
|
| 300 |
|
|
|a 135 pages ;
|c 21 cm.
|
| 541 |
|
|
|a Donated By Akbar Ali Khan
|e 40219
|
| 650 |
|
|
|a English language.
|9 53031
|
| 852 |
|
|
|a Ayesha Abed Library
|c Akbar Ali Khan Collection
|
| 942 |
|
|
|2 ddc
|c BK
|
| 952 |
|
|
|0 0
|1 0
|2 ddc
|4 0
|6 420_000000000000000_KHA
|7 1
|9 72532
|a BRACUL
|b BRACUL
|c AAKC
|d 2022-12-19
|e Donated by Akbar Ali Khan
|g 200.00
|l 0
|o 420 KHA
|p 3010040219
|r 2022-12-19
|t 1
|w 2022-12-19
|y BK
|